<?xml version="1.0" encoding="UTF-8"?>
<record
    xmlns:xsi="http://www.w3.org/2001/XMLSchema-instance"
    xsi:schemaLocation="http://www.loc.gov/MARC21/slim http://www.loc.gov/standards/marcxml/schema/MARC21slim.xsd"
    xmlns="http://www.loc.gov/MARC21/slim">

  <leader>01709    a2200253   4500</leader>
  <controlfield tag="001">45834</controlfield>
  <controlfield tag="005">20260407155730.0</controlfield>
  <controlfield tag="008">260407a2012    arg                 spa d</controlfield>
  <controlfield tag="003">AR-UNSa-BCEJYS</controlfield>
  <datafield tag="040" ind1=" " ind2=" ">
    <subfield code="a">AR-UNSa-BCEJYS</subfield>
    <subfield code="b">spa</subfield>
    <subfield code="c">AR-UNSa-BCEJYS</subfield>
  </datafield>
  <datafield tag="080" ind1=" " ind2=" ">
    <subfield code="a">316.356.2</subfield>
    <subfield code="x">Grupos consangu&#xED;neos. Familia. Sociolog&#xED;a de la familia</subfield>
  </datafield>
  <datafield tag="245" ind1="1" ind2="0">
    <subfield code="a">Las l&#xF3;gicas del cuidado infantil</subfield>
    <subfield code="p">entre las familias, el estado y el mercado</subfield>
  </datafield>
  <datafield tag="020" ind1=" " ind2=" ">
    <subfield code="a">978-987-21625-1-1</subfield>
  </datafield>
  <datafield tag="264" ind1=" " ind2="1">
    <subfield code="a">Buenos Aires :</subfield>
    <subfield code="b">IDES</subfield>
    <subfield code="c">2012</subfield>
  </datafield>
  <datafield tag="300" ind1=" " ind2=" ">
    <subfield code="a">260 p.</subfield>
    <subfield code="c">23 cm.</subfield>
  </datafield>
  <datafield tag="505" ind1=" " ind2=" ">
    <subfield code="a">1. Hacia la conceptualizaci&#xF3;n del cuidado: familia, mercado y estado / Valeria Esquivel, Eleonor Faur y Elizabeth Jelin &#x2013; 2. La familia en Argentina: Trayectorias hist&#xF3;ricas y realidades contempor&#xE1;neas / Elizabeth Jelin &#x2013; 3. El cuidado infantil en las familias. Un an&#xE1;lisis en base a la Encuesta de Uso del Tiempo de la Ciudad de Buenos Aires / Elizabeth Jelin &#x2013; 4. El cuidado infantil desde las perspectivas de las mujeres-madres. Un estudio en dos barrios populares en el &#xC1;rea Metropolitana de Buenos Aires / Eleonor Faur &#x2013; 5. La regulaci&#xF3;n laboral de las trabajadoras dom&#xE9;sticas en Argentina: situaci&#xF3;n actual y perspectivas / Francisca Pereyra &#x2013; 6. Un puente entre los gestos y la imagen. Notas metodol&#xF3;gicas sobre el trabajo de campo con fotograf&#xED;as / Mat&#xED;as Bruno &#x2013; 7. Coreograf&#xED;as del cuidado : ensayo fotogr&#xE1;fico / Sobre las autoras y el autor. </subfield>
  </datafield>
  <datafield tag="041" ind1=" " ind2=" ">
    <subfield code="a">spa</subfield>
  </datafield>
  <datafield tag="942" ind1=" " ind2=" ">
    <subfield code="c">BK</subfield>
  </datafield>
  <datafield tag="590" ind1=" " ind2=" ">
    <subfield code="a">niveau_biblio:m niveau_hierar:0</subfield>
  </datafield>
  <datafield tag="100" ind1="1" ind2=" ">
    <subfield code="a">Faur, Eleonor</subfield>
  </datafield>
  <datafield tag="700" ind1="1" ind2=" ">
    <subfield code="a">Esquivel, Valeria</subfield>
  </datafield>
  <datafield tag="700" ind1="1" ind2=" ">
    <subfield code="a">Jelin, Elizabeth</subfield>
  </datafield>
  <datafield tag="856" ind1="4" ind2="1">
    <subfield code="u">https://www.biblioeco.unsa.edu.ar/pmb/images/libros/L127199.jpg</subfield>
    <subfield code="y">Imagen de portada</subfield>
    <subfield code="q">image/jpeg</subfield>
  </datafield>
  <datafield tag="999" ind1=" " ind2=" ">
    <subfield code="c">4016</subfield>
    <subfield code="d">4016</subfield>
  </datafield>
  <datafield tag="952" ind1=" " ind2=" ">
    <subfield code="0">0</subfield>
    <subfield code="1">0</subfield>
    <subfield code="4">0</subfield>
    <subfield code="7">0</subfield>
    <subfield code="a">BCEJYS</subfield>
    <subfield code="b">BCEJYS</subfield>
    <subfield code="c">16</subfield>
    <subfield code="d">2026-04-07</subfield>
    <subfield code="l">0</subfield>
    <subfield code="o">316.356.2 E74</subfield>
    <subfield code="p">L127199</subfield>
    <subfield code="r">2026-04-07 15:57:30</subfield>
    <subfield code="w">2026-04-07</subfield>
    <subfield code="y">L</subfield>
  </datafield>
</record>
